| 000 | 01015nam a22002777i 4500 | ||
|---|---|---|---|
| 999 |
_c23634 _d23634 |
||
| 003 | AR-CdUCM | ||
| 008 | 260424b20222022 o|||| |||| 00| 0 spa d | ||
| 020 | _a978-84-124508-3-5 | ||
| 040 |
_aMUNICIPALIDAD PROVINCIAL DEL CUSCO _cBIBLIOTECA MUNICIPAL DEL CUSCO |
||
| 041 | _hspa | ||
| 082 |
_a641.84 _bC87 |
||
| 100 |
_aCramby, Jonas _952680 |
||
| 245 |
_aBocata : _b100 sándwiches y bocadillos clásicos desde el reuben hasta el po'boy / |
||
| 260 |
_aEspaña : _bCol&Col Ediciones _c2022 |
||
| 300 |
_a172 páginas. : _c18x24 cm. |
||
| 505 | _aPain de mie -- Pan marmolado de centeno -- Biscuits y muffins -- Baguette -- Pan siciliano -- Baos al vapor -- Brioche -- Sándwiches de helado -- Los sándwiches en Nueva York | ||
| 650 |
_aSándwiches _952681 |
||
| 650 |
_aBocadillos _952682 |
||
| 650 |
_aPan _932156 |
||
| 650 |
_aHelado _952683 |
||
| 650 |
_aBiscuits y muffins _952684 |
||
| 650 |
_aBrioche _952685 |
||
| 856 | _fwww.colandcol.com | ||
| 942 |
_2ddc _cLIBROS |
||
| 945 |
_aesh _d24-04-2026 |
||